Statistics for Countries starting with E quiz

Click here to take the quiz!

General Stats

  • This quiz has been taken 40 times
  • The average score is 7 of 9

Answer Stats

Country (starts with E)% Correct
Estonia
92%
Eritrea
86%
Ethiopia
86%
Eswatini
83%
East Timor
81%
El Salvador
75%
Ecuador
72%
Egypt
72%
Equatorial Guinea
61%

Score Distribution

Percentile by Number Answered

Percent of People with Each Score

Your Score History

You have not taken this quiz